1766 1011 1867 1822 1859 1743 1391 1197 1580 1015 1981 1506 1636 1444 1022 1722 1642 1095 1922 1348 1349 1804 1767 1505 1131 1945 1451 1995 1998 1193 1643 1809 1649 1794 1821 1350 1233 1909 1155 1345 1935 1397 1740 1472 1831 1758 1582 1759 1469 1800 1694 1459 1305 1927 1783 1747 1561 1103 1536 1038 1241 1841 1361 1053 1150 1120 1004 1771 1948 1770 1969 1447 1662 1831 1125 1565 1664 1190 1003 1856 1097 1999 1557 1410 1466 1235 1698 1965 1233 1557 1664 1727 1527 1353 1160 1685 1186 1358 1452 BCNSPRNW ULIB Ver.6.0+V

เปลี่ยนเป็นภาษาไทย

Change to English
 แสดงรายละเอียดบรรณานุกรม
  กลับหน้าหลัก

Brief Record : Get Marc (ISO 2709) : E-mail record : QR code < ปิดหน้าต่าง
LEADER : 00000nam 2200000uu 4500
001    13399121253
003     ULIB
008    110826s2555||||th 000 0 tha d
020    9789743652080
050  4 HA62^bศ452ก
100 0  ศิริชัย กาญจนวาสี
245 10 การเลือกใช้สถิติที่เหมาะสมสำหรับการวิจัย /^cศิริชัย กาญจนวาสี,ทวีวัฒน์ ปิตยานนท์ และ ดิเรก ศรีสุโข
250    พิมพ์ครั้งที่ 6
260    กรุงเทพฯ :^bจุฬาลงกรณ์มหาวิทยาลัย,^c2555
300    219 หน้า :^bภาพประกอบ ;^c27 ซม.
650  4 วิจัย
650  4 วิจัย^xระเบียบวิธีทางสถิติ
650  4 วิจัย^xสถิติ
650  4 สถิติ
650  4 สถิติวิเคราะห์
650  4 สถิติศาสตร์
650  4 สังคมศาสตร์^xระเบียบวิธีทางสถิติ
700 02 ทวีวัฒน์ ปิตยานนท์
700 02 ดิเรก ศรีสุโข
945    ^p200^l0^i033029
995    ทศพร
999 ^a ทศพร
รายการนี้ยังไม่มีแท็ก
คุณยังไม่ได้ล็อกอิน คุณสามารถมีกิจกรรมร่วมกับเว็บไซต์ได้ แต่ต้องล็อกอินก่อน ::
  ล็อกอิน

รายการสื่อสารสนเทศ

ลำดับที่ ประเภท เลขเรียก/บาร์โค้ด สถานที่ สถานะ
1. วิทยาศาสตร์การแพทย์ และสุขภาพ
วิทยาศาสตร์การแพทย์ และสุขภาพ
HA62 ศ452ก ฉ.1 
  Barcode: 033029
ห้องสมุดวิทยาเขตสวรรค์ประชารักษ์
►หนังสือทั่วไป
บนชั้น

รายการใกล้เคียง
    ผู้แต่ง [ศิริชัย กาญจนวาสี]

    หัวเรื่อง [วิจัย]
    หัวเรื่อง [สถิติ]
    หัวเรื่อง [สถิติวิเคราะห์]
    หัวเรื่อง [สถิติศาสตร์]

BibComment


ยังไม่เคยถูกคอมเมนท์

คอมเมนท์ทรัพยากรรายการนี้
  คอมเมนท์: การเลือกใช้สถิติท..


 Copyright 2026. Bcnsprnw @Library